1684 1890 1276 1827 1967 1893 1236 1062 1419 1588 1976 1031 1104 1737 1974 1027 1282 1664 1175 1939 1368 1780 1856 1144 1324 1249 1309 1094 1884 1691 1829 1515 1635 1670 1670 1952 1439 1643 1574 1569 1519 1197 1098 1241 1124 1840 1651 1064 1533 1096 1342 1241 1779 1075 1672 1250 1463 1019 1740 1544 1193 1817 1737 1131 1616 1473 1274 1740 1599 1406 1460 1462 1103 1484 1742 1708 1410 1781 1406 1418 1138 1980 1606 1467 1535 1476 1529 1917 1419 1476 1428 1097 1709 1987 1790 1135 1295 1341 1835 BCNSPRNW ULIB Ver.6.0+V

เปลี่ยนเป็นภาษาไทย

Change to English
 แสดงรายละเอียดบรรณานุกรม
  กลับหน้าหลัก

Brief Record : Get Marc (ISO 2709) : E-mail record : QR code < ปิดหน้าต่าง
LEADER : 00000nam 2200000uu 4500
001    13399107839
003     ULIB
008    110206s2552||||th 000 0 tha d
020    9786165510103
060 04 WS100^bน976
245 00 Current Issues in Pediatrics/cบรรณาธิการ, นวลจันทร์ ปราบพาล ... [และคนอื่นๆ]
246 14 การอบรมระยะสั้น กุมารเวชศาสตร์ 2552
250    พิมพ์ครั้งที่ 1
260    กรุงเทพฯ :^bภาควิชากุมารเวชศาสตร์ คณะแพทยศาสตร์จุฬาลงกรณ์มหาวิทยาลัย,^c2552
300    ix, 378 หน้า :^bภาพประกอบ ;^c27 ซม.
650  7 กุมารเวชศาสตร์
700 0  นวลจันทร์ ปราบพาล,^eบรรณาธิการ
710 2  จุฬาลงกรณ์มหาวิทยาลัย. ^bคณะแพทยศาสตร์.^bภาควิชากุมารเวชศาสตร์
945    ^p0^l0^i15932
945    ^p0^l0^i15933
995    เกษร
999    ^aใช้งานได้ทุกระบบ
รายการนี้ยังไม่มีแท็ก
คุณยังไม่ได้ล็อกอิน คุณสามารถมีกิจกรรมร่วมกับเว็บไซต์ได้ แต่ต้องล็อกอินก่อน ::
  ล็อกอิน

รายการสื่อสารสนเทศ

ลำดับที่ ประเภท เลขเรียก/บาร์โค้ด สถานที่ สถานะ
- ไม่พบข้อมูล -

รายการใกล้เคียง
    หัวเรื่อง [กุมารเวชศาสตร์]

BibComment


ยังไม่เคยถูกคอมเมนท์

คอมเมนท์ทรัพยากรรายการนี้
  คอมเมนท์: Current Issues in..


 Copyright 2026. Bcnsprnw @Library